| 000 | 00723nam a2200241Ia 4500 | ||
|---|---|---|---|
| 008 | 180523s9999 xx 000 0 und d | ||
| 020 | _a0-07-125089-1 | ||
| 050 | _aMAIN JZ 1242 | ||
| 050 | _b.M67 2006 | ||
| 100 | _aMorgenthau, Hans Joachim. | ||
| 245 | 0 | _aPolitics among nations : | |
| 245 | 4 | _bthe struggle for power and peace / | |
| 245 | 0 | _cHans J. Morgenthau; revised by Kenneth W. Thompson and W. David Clinton. | |
| 250 | _a7th Edition | ||
| 260 | _aNew York : | ||
| 260 | _bMcGraw-Hill, | ||
| 260 | _c2006 | ||
| 300 | _a702 pages : | ||
| 300 | _billustrations ; | ||
| 300 | _c22 cm. | ||
| 500 | _aIncludes bibliographical references and index. | ||
| 650 | _aInternational relations -- Textbooks. | ||
| 999 |
_c357298 _d357298 |
||